00000000nam##2200000za#4500
0019.699445
003CaOODSP
00520220901140053
007cr |||||||||||
008150407|2009||||xxc|||||o    f|0| 0 eng|d
040 |aCaOODSP|beng
043 |an-cn---
0861 |aJ2-398/2009E-PDF
1101 |aCanada.|bJustice Canada.
24510|aRetroactive child support : |h[electronic resource]|bbenefits and burdens / |cprepared by Shelley Kierstead.
260 |aOttawa - Ontario : |bJustice Canada |cMarch 2009.
300 |a18p.|breferences
590 |a14-13-Supp|b2014-06-23
69007|aChild support|2gcpds
69007|aFamily law|2gcpds
77508|tLa pension alimentaire rétroactive au profit des enfants : |w(CaOODSP)9.643421
85640|ahttp://publications.gc.ca|qPDF|s210 KB|uhttps://publications.gc.ca/collections/collection_2014/jus/J2-398-2009-eng.pdf